000 00838nam a22002417a 4500
999 _c10071
_d10071
003 AR-CdUCM
008 190329b ||||| |||| 00| 0 spa d
040 _aMUNICIPALIDAD PROVINCIAL DEL CUSCO
_cBIBLIOTECA MUNICIPAL DEL CUSCO
082 _aEP / 539.14 /
_bD81
110 _aWalt Disney
_926714
245 _aNuestro Amigo el Átomo :
_bUna Aventura en la Tierra del Mañana /
260 _aMéxico :
_bCalifornia Offset, S. A. ;
_c1962.
300 _a53 páginas ;
_bIlustraciones
_c23cm
505 _aContenido: Física moderna
650 _aÁtomo
_921055
650 _aFísica moderna
_926715
650 _aEducación primaria
_91561
700 _aHaber, Heinz
_926716
700 _aMartínez Gil, Ana María (traducción)
_926717
700 _aWinter, Willy de (traducción)
_926718
942 _2ddc
_cLIBROS
945 _anom